000 00688nam a2200241Ia 4500
003 OSt
005 20221007100959.0
006 a|||||r|||| 00| 0
007 ta
008 221006b |||||||| |||| 00| 0 eng d
024 _a5,597
037 _cTextual
040 _aLCO
_cLCO
_beng
041 _2eng
_aeng
082 _aZ2,7,51, K8
100 _aField C.D.
_9682486
245 0 _aLaw Relating to Burden of Proof in Civil Taxation, Labour, Commercial, Revenge and Criminal Cases
260 _aAllahabad
_bLaw Publisher
_c1968
300 _a775
650 _aPROOF OF BURDEN
_9702420
942 _hZ2,7,51, K8
_cTEXL
999 _c1175160
_d1175160